[Event "Shamkir Chess"]
[Site "?"]
[Date "2019.04.09"]
[Round "9.3"]
[White "Carlsen, Magnus"]
[Black "Grischuk, Alexander"]
[Result "1-0"]
[WhiteElo "2845"]
[BlackElo "2771"]
[EventDate "2019.??.??"]
[Annotator "Bojkov,Dejan"]
[PlyCount "77"]
[Beauty "7766777266182"]
[EventType "team-tourn"]

1.e4 e5 2.Nf3 Nc6 3.Bb5 Nf6 4.d3 Bc5 5.c3 O-O 6.O-O d6 7.Ba4 Ne7 ( {Carlsen also faced:} 7...Bb6 8.Nbd2 Ne7 9.Nc4 Ng6 10.h3 h6 11.Bc2 Be6 12.Nxb6 axb6 13.d4 {as in Carlsen,M (2835)-Andreikin,D (2719) St Petersburg 2018} ) 8.Bc2 $146 {White prepares d3-d4 but does not yet show where will his queenside knight go.} ( {It is curious that the world champion tries to improve on another game played in Russia:} 8.Nbd2 Ng6 9.d4 Bb6 10.Bc2 Re8 11.Re1 c6 12.h3 h6 13.a4 Be6 14.Nf1 {1-0 (22) Karjakin,S (2753)-Jakovenko,D (2735) St Petersburg 2018} ) 8...Ng6 9.d4 Bb6 10.a4 c6 11.dxe5 ( {White can always try to switch to the above-mentioned game with} 11.Nbd2 {but apparently he was not happy with the arising positions.} ) 11...Nxe5 12.Nxe5 dxe5 13.Qxd8 Rxd8 14.a5 Bc5 15.Nd2 ( {"When I went for this position I intended to go:"} 15.b4 {"but it is not very good." (Carlsen)} 15...Be7 16.f3 Be6 17.Na3 ( 17.Be3 c5 $1 {(Grischuk)} ) 17...b5 $1 {with good game for Black.} ) 15...Be6 {The opening went fine for Grischuk and he enjoys comfortable equality. Black's problem was purely psychological. As Grischuk put it he clearly understood that this same position can be achieved with reversed colors. Obviously he became extra confident and committed a serious inaccuracy.} 16.Re1 b5 {"Very big mistake." (Grischuk)} 17.Nb3 Bxb3 {The Russian GM did not like neither of the alternatives, but it seems as this is the real mistake.} ( {If} 17...Bd6 18.Bg5 {"and I achieve nothing" (Grischuk) was however his best option. After:} 18...h6 19.Bxf6 gxf6 20.Rad1 Be7 {Black should not experience problems.} ) ( {If} 17...Be7 18.a6 {"then Nb3-a5 was very strong" (Grischuk) Even that should not be as horrible after:} 18...Rd7 19.Na5 Bc5 20.h3 ( {Or} 20.Nxc6 Ng4 21.Rf1 Bc4 ) 20...Rc8 {with normal play for Black.} ) 18.Bxb3 Ng4 19.Re2 {Now White is clearly better thanks to his bishop pair. Carlsen quickly builds upon his advantage.} 19...Rd6 20.Bg5 $1 {Wins an important tempo to bring the queenside rook out.} 20...Kf8 ( 20...h6 21.Be7 {loses on the spot.} ) 21.Rf1 Nf6 22.g3 {In order to prepare f2-f4 which will open both files and diagonals for his pieces. Notice that Black holds the d-file but it is completely useless for his as the bishops control all the squares. In the meanwhile Carlsen wants to open a file for his own rooks.} 22...a6 23.Kg2 Nd7 24.Bc1 Ba7 25.f4 f6 ( {Anytime the f-file is open:} 25...exf4 {it is soon over:} 26.Bxf4 Rf6 ( {Or} 26...Rg6 27.Rd2 ) 27.e5 Rg6 28.e6 ) 26.h4 Re8 ( {Carlsen thought} 26...h5 {might be a defense, although then White can switch to play on the d-file with:} 27.Ree1 Ke7 28.Rd1 Rxd1 29.Rxd1 ) 27.h5 h6 {Forced.} ( {Or else White will make it to the f6 pawn after say:} 27...Re7 28.h6 g6 29.fxe5 Nxe5 30.Bg5 Nd7 31.e5 ) 28.Ba2 $1 {One of those little moves that make a big difference at the end. The bishop steps away from the possible tempos after Nd7-c5 and eventually d3.} 28...c5 {"Ugly as it blocks the bishop" (Carlsen)} ( {The knight cannot move:} 28...Nc5 29.fxe5 Rxe5 30.Bf4 ) ( {But perhaps Black should have tried:} 28...exf4 29.gxf4 Nc5 {with the idea:} 30.e5 Nd3 $1 ) 29.Be3 $1 {Grischuk praised Carlsen's play after the game and especially this decision. It was not very obvious what the pins and the counterpins will lead to, plus White sacrifices a pawn. But the world champion had it all right.} 29...exf4 30.gxf4 ( 30.Bxf4 Ne5 {was definitely not the idea.} ) 30...Rxe4 31.Bb1 Re7 ( {If the rook retreats on another square like:} 31...Re8 {then White seizes the e-file with decisive effect:} 32.Rfe1 Rc8 33.Bf2 {followed by Bb1-g6 and mate is coming.} ) 32.Rfe1 f5 {Missing his chance.} ( {Black cold have held the line with the unusual:} 32...Nb8 $1 33.Bf2 Nc6 {intending:} 34.Bg6 ( {Or} 34.Kf3 Rdd7 {In this line White is still much better after:} 35.Bf5 Rxe2 36.Rxe2 Re7 37.Rd2 $1 {but Black can still fight on.} ) 34...Rxe2 35.Rxe2 Ne7 ) 33.Bxf5 Nf6 {The knight covers the e8 spot, however Black's ship is already leaking from far too many holes.} 34.Kf3 Nd5 35.Rd2 {"A complete surprise for me." (Grischuk)} ( {Instead he expected:} 35.Bd2 Rxe2 36.Rxe2 Ne7 {"and it is nothing special" (Grischuk)} ) 35...Rd8 ( 35...Rxe3+ {loses material after:} 36.Rxe3 Nxe3 37.Rxd6 Nxf5 38.Rxa6 Bb8 39.Ra8 ) ( {Black is also lost after:} 35...Nxe3 36.Rxd6 Nxf5 37.Rxe7 Kxe7 ( {Or} 37...Nxe7 38.Rxa6 Bb8 39.Ra8 Nc6 40.a6 {with the inevitable Ra8xb8.} ) 38.Rxa6 Bb8 39.Rb6 ) 36.Be4 {The pins worked in White's favor.} 36...Red7 37.Red1 Nf6 38.Rxd7 Nxd7 39.Rd6 {Black's position collapses. Grischuk saluted the deserved winner of the Shamkir 2019 Gashimov Memorial.} 1-0

[Event "CF4te d'Ivoire Rapid & Blitz"]
[Site "?"]
[Date "2019.05.09"]
[Round "5.2"]
[White "Amin, Bassem"]
[Black "Nakamura, Hikaru"]
[Result "1-0"]
[WhiteElo "2683"]
[BlackElo "2805"]
[EventDate "2019.??.??"]
[Annotator "Bojkov,Dejan"]
[PlyCount "169"]
[Beauty "5090610006547"]
[EventType "blitz"]

1.e4 c5 2.Nf3 e6 3.d3 Nc6 4.g3 g6 5.Bg2 {Bassem's favorite KIA.} 5...Bg7 6.O-O d6 7.c3 Nf6 8.Re1 O-O 9.d4 e5 {I always believed that the weakening of the d5 square is a serious concession. But Nakamura proves otherwise.} ( {On} 9...Qb6 $5 10.e5 {looks good for White.} ) 10.dxc5 ( {The other move:} 10.d5 {is not in the spirit of the position. After:} 10...Ne7 11.a4 Ne8 12.a5 f5 13.c4 fxe4 14.Ng5 Nf5 {Black gets favourable KID, Djuric,S (2527)-Nenezic,M (2569) Belgrade 2016} ) 10...dxc5 11.Qxd8 Rxd8 12.Na3 Ne8 13.Bf1 $146 {Playing for the light squares is a very logical thing.} ( {White dod not get anything in a predecessor:} 13.Be3 Bf8 14.Rad1 Be6 15.b3 f6 16.Bf1 Nc7 17.Nb5 Nxb5 18.Bxb5 Rxd1 19.Rxd1 a6 20.Be2 b5 21.Ne1 Rd8 {1/2-1/2 (20) Ceballos,J (1757)-Nunez V,G (2226) Tunja 2018} ) 13...f6 14.Bc4+ Kf8 15.Be3 b6 16.Bd5 {The hole on d5 starts to tell, but Black stays cool.} 16...Bd7 17.Nb5 Rab8 18.a4 ( {Of course not:} 18.Bxc6 $2 Bxc6 19.Nxa7 Bxe4 ) 18...a6 19.Na3 Ne7 {Covering the central square.} 20.Bb3 Nc6 {Otherwise a4-a5 will follow.} 21.Nd2 ( {Bassem rejects repetition of moves:} 21.Bd5 ) 21...Nc7 ( {In these positions Black is often looking for a timely:} 21...Nd4 $5 {Then however he had to check two possible candidates:} 22.cxd4 ( {White should do even better if he simply ignores the knight:} 22.Bc4 $5 ) 22...cxd4 23.Bxd4 exd4 24.Nc2 {with the positional threat of Nc2-b4-d3.} ) 22.f4 {It is getting very tense in the middle of the board.} 22...Bh6 {But Nakamura is ready to strike back as usual.} 23.Kg2 Na5 24.Bc2 Bc6 ( {Safer was:} 24...Be6 {in order to control the c4 square when:} 25.Rad1 exf4 26.gxf4 Kg7 {is equal.} ) 25.b4 Nb7 26.Ndc4 $6 {A wrong step.} ( {Apparently White did not like that his d2 knight was hanging in some lines. For example:} 26.Nac4 Ne6 27.fxe5 $6 ( 27.Rf1 {is better though, with about equal game.} ) 27...Bxe3 28.Rxe3 b5 ) 26...exf4 27.gxf4 b5 $1 {Now Nakamura takes over the initiative.} 28.axb5 axb5 29.Nb6 $6 {The knight is horribly placed here.} 29...cxb4 30.cxb4 Nd6 31.Kg3 Bxe4 {Simply winning the pawn.} ( {But even stronger was:} 31...Ne6 $1 32.Rad1 {With the idea:} 32...Nxf4 $1 33.Bxf4 Bxf4+ 34.Kxf4 Rxb6 ) 32.Bc5 Bxc2 33.Nxc2 Kg8 34.Nd4 {Activity is Bassem's best friend.} 34...Nc4 35.Nxc4 bxc4 36.Nc6 Rd3+ 37.Kf2 Rb7 $1 {Nakamura is up a pawn but the win is anyting but trivial. Bassem has active pieces and a dangerous outside passer.} ( {Avoiding the tactics after:} 37...Rb5 38.Ra7 Bxf4 39.Rxc7 $1 Bxc7 40.Re8+ Kg7 41.Re7+ Kh6 42.Rxc7 c3 43.Na7 {and White is no longer worse.} ) 38.f5 {Desperado.} ( {More resilient was:} 38.Na5 Rb8 39.Nxc4 Bxf4 ) 38...c3 39.Re2 Bf8 {Too technical.} ( 39...Bf4 $1 {was the way to go. The bishop is perfect and can be very useful in the attack.} ) 40.Bxf8 Kxf8 41.fxg6 hxg6 42.Ra5 Rb6 ( 42...Nd5 $1 {was the way to activate his troops:} 43.b5 g5 {with a bunch of tempos ahead than in the game.} ) 43.Rc5 {Nice play by White. He is taking care of the c3 passer.} 43...Ne8 44.Ne7 Kf7 ( {Later Nakamura would regret that he did not take away the possibility of a loss away with the move:} 44...Rxb4 $1 ) 45.Nd5 Rb7 46.b5 {Now the pawn is becoming extremely unpleasant.} 46...Nd6 47.Nxc3 {Bassem can breathe again. And even hope for something more than the half point.} 47...g5 48.Kg2 Kg6 49.Rb2 Nf5 50.Ne4 Ne3+ {With second son the clock these knight cheks are extremely unpleasant. There are so many forks in the air!} ( {Worse is:} 50...Nh4+ 51.Kf1 ) 51.Kg1 Re7 52.Nf2 Ra3 53.Rc1 Rb7 ( {Objectively best was:} 53...Nd5 54.Rd1 Nb6 {with a draw, but this was not the plan for Nakamura.} ) 54.h3 Ra5 {The correct idea, but wrong execution.} ( {After:} 54...Nd5 {the forcing line:} 55.Rc5 Nc3 56.Rc6 Rxb5 57.Rxb5 Nxb5 58.Ng4 {Will lead to a draw with:} 58...Rxh3 ( {As there is no:} 58...Rf3 59.Ne5+ ) 59.Rxf6+ ) 55.Rc5 Nf5 56.Ne4 Nd4 57.Nd6 Rd7 ( 57...Rb8 $1 ) 58.Nc4 Ra1+ 59.Kf2 Rh7 60.b6 Ra8 ( {With seconds on the clock it is impossible to find lines like:} 60...Rh1 $1 61.Rc8 ( {Black is never afraid of:} 61.b7 $2 Rh2+ 62.Ke3 Rxb2 63.Nxb2 Rxb7 ) 61...Rh2+ 62.Kf1 R2xh3 63.Rg8+ Kf5 64.Rf2+ Ke6 65.Re8+ Kd5 66.Ne3+ Kc6 67.Rxf6+ {and it should be a draw.} ) 61.b7 {The pawn makes it! The support is too good not to win the whole rook. On the other side Black lacks resources as one of his rooks is missing in the attack.} 61...Rb8 62.Nd6 Rxh3 63.Rb4 ( 63.Kg2 Ne6 64.Rc8 Nf4+ 65.Kg1 Rg3+ 66.Kf1 Rf3+ 67.Ke1 {was also good for White.} ) 63...Rh2+ 64.Kf1 Rh1+ 65.Kg2 Rd1 ( {Black could safe himself only thanks to a fortress. Like the one that arises after:} 65...Rh4 $1 66.Rc8 Rg4+ 67.Kf1 Rf4+ 68.Ke1 Nc2+ 69.Kd2 Nxb4 70.Rxb8 Rd4+ 71.Ke3 Nc6 72.Rg8+ Kh7 73.Rc8 Rxd6 74.Rxc6 Rxc6 75.b8=Q Re6+ {and it is a fortress!} ) 66.Rc8 Rd2+ 67.Kf1 Nf3 $1 {The last chance.} 68.Rb3 $1 {Forbidden.} ( {The Nimzowitsch perpetuum mobile would have worked after:} 68.Rxb8 Nh2+ 69.Kg1 Nf3+ ) 68...Rxb7 69.Nxb7 ( {Still not} 69.Rxb7 $2 Nh2+ {with a draw.} ) 69...g4 70.Nc5 {Bssem is almost there.} 70...Rc2 71.Rd3 Kf5 ( {Missing the last random chance:} 71...Nd2+ $1 72.Ke1 Ne4 $3 {With a study-like draw as:} 73.Rd5 Rc1+ 74.Ke2 Nc3+ {does not win neither:} 75.Kd2 Rd1+ 76.Kxc3 Rxd5 {and a draw.} ) 72.Nb7 Rb2 73.Nd6+ {Now White finally wraps the game home.} 73...Ke6 74.Re8+ Kd7 75.Re2 Rb1+ 76.Kf2 Ne5 77.Rdd2 Kc6 78.Ne4 Rb3 79.Rd6+ Kb5 80.Rxf6 Nd3+ 81.Kg2 Ra3 82.Rf5+ Kc4 83.Nf2 Nb4 84.Re4+ Kc3 85.Re3+ ( 85.Re3+ {Black resigning not waiting for:} 85...Kb2 86.Nd1+ ) 1-0

[Event "CF4te d'Ivoire Rapid & Blitz"]
[Site "?"]
[Date "2019.05.11"]
[Round "11.1"]
[White "Carlsen, Magnus"]
[Black "Vachier Lagrave, Maxime"]
[Result "0-1"]
[WhiteElo "2867"]
[BlackElo "2792"]
[EventDate "2019.??.??"]
[Annotator "Bojkov,Dejan"]
[PlyCount "88"]
[Beauty "7354728842784"]
[EventType "blitz"]

1.e4 c5 2.Nf3 d6 3.d4 cxd4 4.Nxd4 Nf6 5.Nc3 a6 6.Be3 e5 7.Nf3 {One of the most positional lines against MVL's beloved Najdorf.} 7...Be7 8.Bc4 O-O 9.O-O Be6 10.Bb3 b5 11.Bg5 ( {Nisipeanu used a interesting positional idea recently:} 11.Re1 Qc8 12.Bg5 Nbd7 13.Re2 Qb7 14.Rd2 Rfe8 15.Bxf6 Nxf6 16.Qe2 Rac8 17.Nd5 Nxd5 18.Bxd5 Qb6 {but without huge success in Nisipeanu,L (2674) -Wojtaszek,R (2749) Germany 2018} ) 11...Nbd7 12.Re1 Rc8 13.a3 h6 $146 {A novelty.} ( {In comparison to the predecessor:} 13...Ne8 14.Be3 h6 15.h3 Qc7 16.a4 b4 17.Nd5 {with some advantage for White, Korneev,O (2621)-Noroozi, O (2385) Baku 2013} ) 14.Bxf6 {Knocking one of the d5 defenders down.} 14...Nxf6 15.Nd2 {The knight is heading to the d5 spot via the f1-e3 route.} 15...Bg4 $1 {Throws a spanner into White's plan.} ( 15...Bxb3 {is met with} 16.Nxb3 {making d6-d5 impossible.} ) 16.f3 Qb6+ {One of the points behind Vachier-Lagrave's last move.} 17.Kh1 Be6 18.Nf1 Rc5 19.Ne3 Rfc8 {Black is consistently preparing the typical exchange sacrifice on c3.} 20.Re2 {And Carlsen is not amused at all.} ( {He could have stopped it with:} 20.Qd2 {if he wished although then Black has sufficient counter-play after:} 20...a5 ) 20...Rxc3 $5 {Fearless.} 21.bxc3 Rxc3 22.Qe1 $1 {Very accurate play by the wrold champion.} ( {More natural seems:} 22.Qd2 {However the queen may be attacked there. For example the same line which happened in the game:} 22...Qc6 ( 22...Qc7 23.Nd1 Rc5 {is also OK for Black.} ) 23.a4 b4 24.Nd1 Bxb3 {doe snot work as the queen is en prix after:} 25.Nxc3 $2 bxc3 ) 22...Qc6 23.a4 b4 24.Nd1 Bxb3 $1 {The only move.} ( {Instead:} 24...Rc5 25.Bxe6 fxe6 26.Qxb4 {leaves Black no compensation whatsoever.} ) 25.Nxc3 Bc4 26.Nd1 {Again natural, accurate retreat.} ( 26.Na2 {is more aggressive but fails after:} 26...Bxe2 27.Qxe2 Qxa4 28.Qc4 a5 29.c3 d5 $1 {When Black is too strong in the center after say:} 30.exd5 Qc2 ) 26...Bxe2 27.Qxe2 d5 {Vachier-Lagrave got everything he could dreamed for. He opened his bishop, fixed some weaknesses. And... stands worse, the compensation is not adequate enough.} 28.exd5 Nxd5 29.Qe4 Qe6 30.Ne3 Nc3 31.Qc4 Qg6 $1 {A sign for the practicism. With the queens on the board Carlsen has more chances to go wrong.} ( {Objectively best might have been:} 31...Qxc4 32.Nxc4 f6 {followed by the centralization of the black king. But then the world champion would have gotten a chance to demostrate his impeccable endgame technique without any risk of losing.} ) 32.a5 ( {White could ahve also started with:} 32.Re1 $5 {With the little trick:} 32...Nxa4 $2 ( 32...Kh7 33.a5 {would lead to the game continuation.} ) 33.Ng4 $1 ) 32...Kh7 {Away from the pin.} 33.Re1 e4 {Once more the best practical decision in order to open the enemy king. The attack against the king is always a chance in the blitz.} ( 33...f5 {is refuted with the nice retreat:} 34.Nd1 $1 ) 34.fxe4 Nxe4 35.Nd5 ( {Good was:} 35.g3 {wehn White needs not to fear of the sacrifices:} 35...Nxg3+ 36.hxg3 Qxg3 37.Qe4+ g6 38.Re2 ) 35...Nf2+ 36.Kg1 Nh3+ 37.Kf1 ( {Deviating from the draw:} 37.Kh1 Nf2+ ) 37...Qf5+ 38.Ke2 Qe5+ 39.Ne3 Nf4+ 40.Kf1 $1 {The best move.} ( {There is no safety on the other side. After:} 40.Kd1 {Black has the brilliant strike:} 40...b3 $3 41.Qxb3 ( {Or} 41.cxb3 Qa1+ 42.Qc1 ( 42.Kd2 Qxa5+ ) 42...Qxc1+ 43.Kxc1 Nd3+ 44.Kd1 Nxe1 45.Kxe1 Bb4+ {winning a pawn with tempos.} ) 41...Qd4+ 42.Kc1 Bb4 {and Black has winning attack.} ) ( {No better was:} 40.Kd2 {due to the ambush:} 40...Bg5 $1 ) 40...Ne6 41.Qxa6 $6 {Not yet losing but preparing the soil for the decisive mistake.} ( {Carlsen would have gotten what he wished for with:} 41.Nd5 $1 {Keepeing everything under control and after:} 41...Qf5+ ( 41...Qxh2 42.Nxe7 ) 42.Kg1 Bd6 43.Qe4 {Trades queens with serious winning chances and no chances to lose the game at all!} ) 41...Qxh2 42.Qd3+ Kg8 43.a6 $4 {This loses!} ( {White should have centralized the knight with:} 43.Nd5 {The f4 square is now protected. Then:} 43...Qh1+ 44.Ke2 Qxg2+ 45.Kd1 Bg5 {Would most likely lead to a draw by perpetual, for instance after:} 46.a6 Qg4+ 47.Re2 Qg1+ 48.Re1 Qg4+ 49.Qe2 Qd4+ 50.Qd3 Qg4+ ) 43...Bh4 $1 {Apparently missed by the world champion. Vachier-Lagrave includes everybody in the attack and it is all over in a jiffy.} ( {Maybe Carlsen was hoping for:} 43...Qh1+ $2 44.Ke2 Nf4+ 45.Kd2 Qxe1+ 46.Kxe1 Nxd3+ {When he would have most-likely won with the study-like:} 47.Kd2 $3 Bc5 48.Kxd3 ) 44.Qd2 ( {No time for:} 44.Ke2 Nf4+ ) ( {Neither for:} 44.a7 Qh1+ 45.Ke2 Qxe1+ 46.Kf3 Ng5+ {and it will be mate soon.} ) 44...Nf4 $1 {A shocker! Mate is unavoidable.} 0-1